Anl̀isis financiero y de gestin̤

Detalles Bibliográficos
Autor principal: Estupiǹ̨ Gaitǹ, Rodrigo
Formato: Desconocido
Lenguaje:español
Publicado: Bogot ̀: Ecoe, 2006
Materias:
Acceso en línea:Acceso restringido

MARC

LEADER 00000ny a22000003n 4500
005 20110617122625.0
008 031107s2006 ck 000 0 spa d
035 |a 3378 
040 |a BUS  |d vLex 
090 |c 813  |d 813 
100 1 |a Estupiǹ̨ Gaitǹ, Rodrigo 
245 1 0 |a Anl̀isis financiero y de gestin̤  |h [Recurso electrn̤ico]  |c Rodrigo Estupiǹ̨ Gaitǹ 
256 |a Servicio en ln̕ea 
260 |a Bogot ̀:  |b Ecoe,  |c 2006 
300 |a p. ;  |c cm 
506 1 |a Contenido solo disponible en los productos indicados  |d vLex Global  |d vLex Global (Academic Edition, excluding Law Schools)  |d vLex Global (U.S. Academic Edition, Law Schools)  |d vLex Global (U.S. Academic Edition, excluding Law Schools)  |d vLex Global (Academic Edition, Law Schools) 
650 0 4 |a Estados financieros 
740 0 |a vLex Libros (Servicios en ln̕ea) 
856 4 0 |u http://vlex.com/source/3378  |z Acceso restringido 
942 |c BOOK 
999 0 |a Financial statements  |b Colombia